000 00505nam a2200217Ia 4500
008 101110s9999 xx 000 0 und d
041 _aENGLISH
082 _bJR4682
100 _aVarsgney P.N.
245 _aBanking law and practice
260 _c2004
_bSultan Chand
300 _a550
365 _b140
520 _aCommerce
546 _aENGLISH
630 _aBanking law and practice
650 _aCommerce
655 _aCommerce
730 _aBanking law and practice
942 _cBOOK
999 _c795512
_d795509